书目信息 |
| 书名: | Professional responsibility standards, rules & statutes | |
| 作者: | ||
| 分册号: | ||
| 分册名: | 出版地: | St. Paul, Minn. : |
|
| 出版社: | West Pub. Co | |
| 出版时间: | 1996-. | |
| 页数: | v. ; | |
| 开本: | 26 cm. | |
| 丛书名: | ||
| 中图分类号: | ||
| 科图分类号: | ||
| 其他分类号: | D90-053 | |
| 主题词: | ||
| 电子资源: | ||
| 000 | 01480cas 2200385 a 4500 | |
| 001 | E0756181813 | |
| 005 | 20070320165729.01 | |
| 008 | 950813c19969999mnuar1 a eng d | |
| 010 | @a 95644750 | |
| 022 | 0 | @a1085-7575. |
| 040 | @aOrSaW-L@cOrSaW-L@dDLC@dNSDP@dMoSU-L | |
| 043 | @an-us---@an-us-ca | |
| 050 | 00 | @aKF305.A29@bS45 |
| 082 | 00 | @a174/.3/09794 @2 20 |
| 090 | @aD90-053 | |
| 092 | @aCN@bZK2004.10.2-21 | |
| 093 | @aD971.26 @2 4 | |
| 093 | @aD90-053 @2 4 | |
| 099 | @dD90-053@ex49 | |
| 210 | 0 | @aProf. responsib. stand. rules statut. |
| 222 | 0 | @aProfessional responsibility standards, rules & statutes |
| 245 | 00 | @aProfessional responsibility standards, rules & statutes. |
| 260 | @aSt. Paul, Minn. :@bWest Pub. Co.,@c1996-. | |
| 300 | @av. ;@c26 cm. | |
| 310 | @aAnnual | |
| 362 | 0 | @a1995-96 ed.- |
| 500 | @aSelected and edited by: John S. Dzienkowski, 1995/96- | |
| 650 | 0 | @aLegal ethics@zUnited States@xPeriodicals. |
| 650 | 0 | @aLawyers@zCalifornia@xDiscipline@xPeriodicals. |
| 650 | 0 | @aLawyers@zUnited States@xDiscipline@xPeriodicals. |
| 650 | 0 | @aLegal ethics@zCalifornia@xPeriodicals. |
| 700 | 1 | @aDzienkowski, John S.,@d1959- |
| 775 | 0 | @tProfessional responsibility standards, rules & statutes (Abridged ed.)@w(OCoLC)33071384 |
| 780 | 00 | @tSelected statutes, rules, and standards on the legal profession@x1054-2469@w(DLC) 90641196@w(OCoLC)18717212 |
| 920 | @a232010@z2 | |
| Professional responsibility standards, rules & statutes.-St. Paul, Minn. : : West Pub. Co., , 1996-. |
| v. ; ; 26 cm. |
| Selected and edited by: John S. Dzienkowski, 1995/96- |
| ISBN |
| ● |
| 相关链接 |
|
|
|
|
正题名:Professional responsibility standards, rules & statutes
索取号:D90-053/x49
 
预约/预借
| 序号 | 登录号 | 条形码 | 馆藏地/架位号 | 状态 | 备注 |
| 1 | 0003383 | 300033835 | 第四借阅区/ [索取号:D90-053/x49] | 在馆 | |
| 2 | 0003392 | 300033924 | 第二样本阅览室/ [索取号:D90-053/x49] | 在馆 |